Bosques, biodiversidad y medios de vida : (Record no. 6859)

000 -CABECERA
fixed length control field 01190nam a22002537a 4500
003 - IDENTIFICADOR DEL NÚMERO DE CONTROL
control field AR-CdUCM
008 - DATOS DE LONGITUD FIJA--INFORMACIÓN GENERAL
fixed length control field 190319b ||||| |||| 00| 0 spa d
020 ## - NÚMERO INTERNACIONAL ESTÁNDAR DEL LIBRO
ISBN 9972-47-098-9
040 ## - FUENTE DE LA CATALOGACIÓN
Agencia/entidad que catalogó originalmente la obra MUNICIPALIDAD PROVINCIAL DEL CUSCO
Entidad que transcribió la catalogación BIBLIOTECA MUNICIPAL DEL CUSCO
082 ## - NÚMERO DE LA CLASIFICACIÓN DECIMAL DEWEY
No. de Clasificación 333.7516 /
Notacion interna L44
100 ## - ENTRADA PRINCIPAL--NOMBRE DE PERSONA
Nombre Personal Leo, Mariella
245 ## - MENCIÓN DE TÍTULO
Título Bosques, biodiversidad y medios de vida :
Resto del título conservar el bosque tropical, luchando contra la pobreza /
260 ## - PUBLICACIÓN, DISTRIBUCIÓN, ETC.
Lugar de publicación, distribución, etc. Lima :
Nombre de la editorial, distribuidor, etc. ITDG,
Fecha de publicación, distribución, etc. 2002.
300 ## - DESCRIPCIÓN FÍSICA
Nº de Páginas Extensión 40 páginas ;
Otros detalles físicos ilustraciones, fotografías,
Dimensiones 30 cm.
505 ## - NOTA DE CONTENIDO CON FORMATO
Nota de contenido formateada Contenido: Historia del origen del proyecto a lo largo de su desarrollo -- Algunos logros importantes -- Estrategias y metodología aplicadas al proyecto -- Los beneficiarios y sus vivencias con el proyecto ...
650 ## - PUNTO DE ACCESO ADICIONAL DE MATERIA--TÉRMINO DE MATERIA
Descriptor Bosques y silvicultura
9 (RLIN) 19325
650 ## - PUNTO DE ACCESO ADICIONAL DE MATERIA--TÉRMINO DE MATERIA
Descriptor Industria de productos forestales
9 (RLIN) 19326
650 ## - PUNTO DE ACCESO ADICIONAL DE MATERIA--TÉRMINO DE MATERIA
Descriptor Biodiversidad
9 (RLIN) 19327
650 ## - PUNTO DE ACCESO ADICIONAL DE MATERIA--TÉRMINO DE MATERIA
Descriptor Perú - San Martín
9 (RLIN) 19328
710 ## - PUNTO DE ACCESO ADICIONAL--NOMBRE DE ENTIDAD CORPORATIVA
Nombre corporativo (En letras Mayúsculas) Grupo de Tecnología Intermedia para el Desarrollo (Lima)
9 (RLIN) 19329
942 ## - ELEMENTOS DE PUNTO DE ACCESO ADICIONAL (KOHA)
Fuente de clasificación
Tipo de item Libros-BMC
945 ## - PROCESAMIENTO DE INFORMACIÓN LOCAL (OCLC)
Catalogador achl
Holdings
Estado de retiro (separado) Fuente de clasificación o esquema de estanterías Estado dañado Ubicación Sala donde se ubica Nombre de la colección Fecha de adquisición o compra Costo, precio normal en soles Signatura topográfica Código de Barras Última vez visto (Koha) Tipo de ítem (Koha)
No     Sala Humanidades Sala Humanidades Book Cart 2019-03-19 10.00 333.7516 / L44 SH0000008159 2019-03-19 Libros-BMC
No     Sala Humanidades Sala Humanidades Book Cart 2019-03-19 10.00 333.7516 / L44 / e.2 SH0000008160 2019-03-19 Libros-BMC

Powered by Koha